| 000 | 01243nam a2200337 i 4500 | ||
|---|---|---|---|
| 001 | 194932 | ||
| 003 | SpMaBN | ||
| 005 | 20250303062553.0 | ||
| 007 | ta | ||
| 008 | 240522s1943 sp j spa | ||
| 016 | 7 |
_abimoBNE19995286304 _zIND9600679248 _2SpMaBN |
|
| 035 | _a(OCoLC)733567894 | ||
| 035 | _abimo0001273992 | ||
| 040 |
_aSpMaBN _bspa _cCDM _dSpMaBN _eES-MaACL |
||
| 080 | _a821.134.2-31"18" | ||
| 100 | 1 |
_aPardo Bazán, Emilia, _cCondesa de, _d1851-1921 _0XX1104029 _9176434 |
|
| 245 | 1 | 4 |
_aLos pazos de Ulloa : _buna gran novela completa / _cEmilia Pardo Bazán. |
| 260 |
_aMadrid : _bDédalo, _c[1943]. |
||
| 300 |
_a47 p. ; _c29 cm |
||
| 336 |
_2rdacontent _atexto |
||
| 337 |
_2rdamedia _asin mediación |
||
| 338 |
_2rdacarrier _avolumen |
||
| 490 | 1 | _aNovelas y cuentos | |
| 773 |
_0194867 _9202503 _gG-15982 _aObras encuadernadas juntas |
||
| 830 |
_9236505 _aNovelas y cuentos (Dédalo) |
||
| 852 |
_aES-MaACL _cDEPO2 _jG-15982(16) _hLegado: Juan Antonio Porto _xEncuadernado con otras obras formando un volumen facticio _9202503 |
||
| 903 |
_993285 _aPorto, Juan Antonio, _q1 _d1937-2021 _ednr |
||
| 942 |
_n0 _cFOLLETOS |
||
| 999 |
_c194932 _d194932 |
||